Normale Ansicht MARC-Ansicht ISBD

"Wir sind in der Hölle". (Titelsatznr. 372495)

[ MARC ]
MARC-Details
000 -Satzkennung
Kontrollfeld mit fester Länge 00540nab a2200181 4500
001 - Kontrollnummer
Kontrollfeld 238538
003 - Kontrollnummer Identifier
Kontrollfeld OSt
005 - Datum und Zeit der letzten Transaktion
Kontrollfeld 20230601133640.0
007 - Feld mit fester Länge zur physischen Beschreibung - Allgemeine Information
Kontrollfeld mit fester Länge tu
008 - Feld mit fester Länge zur physischen Beschreibung - Allgemeine Angaben
Kontrollfeld mit fester Länge 180201s2018|||||||
040 ## - Katalogisierungsquelle
Original-Katalogisierungsstelle DE-2950
Übertragungsstelle DE-2950
245 00 - Titel
Titel "Wir sind in der Hölle".
Zusatz zum Titel Historischer Dubstep zur Erinnerung an das Außenlager Lieberose./
Verfasserangabe etc. Susanne Noack
264 ## - Produktion, Veröffentlichung, Distribution, Herstellung und Urheberrechtsvermerk
Datum der Herstellung, der Veröffentlichung, des Vertriebs oder des Urheberschutzvermerks 2022
653 ## - Indexierungsterm - Nicht normiert
Nicht-normierter Term Lieberose
653 ## - Indexierungsterm - Nicht normiert
Nicht-normierter Term Konzentrationslager / Außenlager des KZ Sachsenhausen
773 0# - Übergeordnete Einheit
Verknüpfungsangaben Oktober/ November, 01.10. - 30.11.2022, S. 9
Titel Gemeindebrief
942 ## - Zusätzliche Felder (Koha)
Klassifikation oder Aufstellungssystematik Andere/Generische Klassifikation
Koha-Medientyp Aufsätze
Exemplare
Ausgeschieden Verloren Klassifikation oder Aufstellungssystematik Beschädigt Nicht entleihbar Heimatbibliothek Aufenthaltsbibliothek Aufstellungsort Erwerbungsdatum Anzahl Ausleihen Letzte Aktivität Preis gültig von Koha-Medientyp
    Andere/Generische Klassifikation     Stadtarchiv Frankfurt (Oder) | Archivbibliothek Stadtarchiv Frankfurt (Oder) | Archivbibliothek Magazin 01/06/2023   01/06/2023 01/06/2023 Aufsätze